000 01151nas a2200301 4500
001 BR2015004496
003 BR-BrBNA
005 20231205125610.0
007 ta
008 230509b bl.|||p| |||| 00| 00por d
040 _aBR-BrBNA
_bpor
_cBiblioteca Nacional de Agricultura
041 _a(Pt)
072 _aF03
100 1 _aSilva, A.L.L. da
100 1 _aQuoirin, M.
100 1 _aHorbach, M.A.
100 1 _aLima, Y.
100 1 _aBisognin, D.A.
111 1 _a16° Congresso Brasileiro de Floricultura e Plantas Ornamentais; 3° Congresso Brasileiro de Cultura de Tecidos de Plantas; 1° Simpósio de Plantas Ornamentais Nativas
_cGoiânia, GO (Brazil)
_d10-15 Sep 2007
245 1 _aEfeitos das auxinas na germinação in vitro de sementes de porongo (Lagenaria siceraria (Mol.)Stand.)- Cucurbitaceae
650 _aCULTURA IN VITRO
650 _aCULTURA DE TECIDO
650 _aTEGUMENTO
650 _aHIPOCÓTILO
773 0 _tRevista Brasileira de Horticultura Ornamental (Brazil)
_xISSN 1809-6093
_g(Sep 2007), v. 13(Suplemento) p. 1173-1176
_wBR2015004496
909 _a202311
_bLúcia
_c55
_dLúcia Elande
942 _2AGRIS
_n0
_cANA
999 _c245115
_d245115